Analýza nebezpečí a prevence průmyslových havárií /

Enregistré dans:
Détails bibliographiques
Auteurs principaux: Bartlová, Ivana (Auteur), Balog, Karol, 1949- (Auteur)
Format: Livre
Langue:tchèque
Publié: Ostrava SPBI 2003
Édition:1. vyd.
Collection:Spektrum 33.
Sujets:
Tags: Ajouter un tag
Pas de tags, Soyez le premier à ajouter un tag!

MARC

LEADER 00000nam a22000003a 4500
001 0029380
003 SK-STU
005 20171222084243.9
007 ta
008 171222s ----xo-----e------000-0-----d
020 |a 80-86634-30-2 
040 |a STU  |b slo 
041 0 |a cze 
044 |a xr 
100 1 |a Bartlová, Ivana  |4 aut 
245 1 0 |a Analýza nebezpečí a prevence průmyslových havárií /  |c aut. Ivana Bartlová, Karol Balog 
250 |a 1. vyd. 
260 |a Ostrava  |b SPBI  |c 2003 
300 |a 138 s. 
490 0 |a Spektrum  |v 33. 
650 0 7 |a havárie priemyselné 
700 1 |a Balog, Karol,  |d 1949-  |u 065000  |r Z1  |4 aut  |U MTF Materiálovotechnologická fakulta  |T MTF Ústav bezpečnosti, environmentu a kvality  |X 243  |U M5000  |Y 85  |7 A000000243 
996 |b 284M087457  |c M* 14013-1  |l MMKN  |s A  |a 24  |w 0029380_0001